01550cam a22002297i 45000010009000000050017000090080041000260100017000670200031000840800015001151000028001302450603001582640066007613000046008273380027008736510038009006530140009387000028010787000025011067000032011317760157011632061032920221108161758.0180802s2018 enkab b 001 0 eng d a 2017277992 a9780128050590 Xqpaperback a005.7 R-311 aAndersen, Jan,eauthor.10aResearch management :bEurope and beyond /cJan Andersen (Team Coordinator, Senior Executive Officer, Technical University of Denmark), Kristel Toom (Research Coordinator, School of Humanities, Tallinn University, Estonia), Susi Poli (Doctoral Candidate, University College London, Institute of Education London, Department of Education), Practice and Society, United Kingdom, New Higher Education and Research Professional -- Research and Third Mission Division, Italy), Pamela F. Miller (Interim executive director, Sponsored Projects Office, University of California at Berkeley, United States). 1aLondon, UK :bAcademic Press, an imprint of Elsevier,c[2018] axvii, 360 pages :billustrations ;c23 cm avolumebnc2rdacarrier 7aEurope.2fast0(OCoLC)fst01245064 aკვლევის მენეჯმენტიევროპასა და მის ფარგლებს გარეთ 1 aToom, Kristel,eauthor.1 aPoli, Susi,eauthor.1 aMiller, Pamela F.,eauthor.08iElectronic version:aAndersen, Jan.tResearch management.dLondon, UK : Academic Press, an imprint of Elsevier, [2018]z9780128052082w(OCoLC)1010494423